Trastornos de la queratinización : (Registro nro. 341)
[ vista simple ]
| 000 -LEADER | |
|---|---|
| fixed length control field | 00761Nam#a2200241#a#4500 |
| 005 - FECHA ULTIMA MODIFICACION | |
| control field | 20110513191230.0 |
| 008 - CAMPO DE CONTROL (LIBRO) | |
| fixed length control field | 100603s1997||||ag a |||||||||||||spa d |
| 020 ## - INTERNATIONAL STANDARD BOOK NUMBER | |
| ISBN | 9500604213 |
| 041 ## - CODIGO DE IDIOMA | |
| Código de idioma del texto/pista de sonido o título separado | spa |
| 082 ## - DEWEY DECIMAL CLASSIFICATION NUMBER | |
| Classification number | 616.5 |
| Edition number | 1a ed. |
| 092 ## - SIGNATURA TOPOGRAFICA DEWEY LOCAL | |
| número de clasificación | 616.5 |
| Classification number | COR |
| libristica | 13 |
| 100 ## - ENTRADA PRINCIPAL--NOMBRE PERSONAL | |
| Nombre personal | Cordero, Alejandro A. |
| 245 ## - TITULO PROPIAMENTE DICHO | |
| Título | Trastornos de la queratinización : |
| Subtítulo y Título paralelo | Ictiosis. Estados ictiosiformes / |
| Mención de responsabilidad y remanente de la transcripción de la portada | Alejandro A. Cordero. |
| 250 ## - MENCION DE EDICION | |
| Mención de edición | 1a ed. |
| 260 ## - PIE DE IMPRENTA | |
| Lugar de publicación, distribución, etc | Buenos Aires : |
| Nombre de la editorial, distribuidor, etc | Editorial Médica Panamericana, |
| Fecha de publicación | 1997. |
| 300 ## - DESCRIPCION FISICA | |
| Extension | 108 p. |
| 653 ## - TÉRMINO INDIZADO - PALABRAS CLAVES | |
| Palabra clave | Dermatología |
| 653 ## - TÉRMINO INDIZADO - PALABRAS CLAVES | |
| Palabra clave | Ictiosis |
| 653 ## - TÉRMINO INDIZADO - PALABRAS CLAVES | |
| Palabra clave | Queratinización |
| 930 ## - NUMERO DE INVENTARIO | |
| Número de inventario | 1727 |
| -- | 1 |
| 942 ## - ADDED ENTRY ELEMENTS (KOHA) | |
| Source of classification or shelving scheme | Dewey Decimal Classification |
| Item type | Libros |
| Estado de retiro | Existencia | Fuente de clasificación | Estado general | Uso restringido | No para prestamo | Ubicación permanente | ubicación actual | Sala de ubicación | Fecha de adquisición | Total Checkouts | Número de clasificación | Código de barras | Date last seen | Número de ejemplar | Price effective from | Koha tipo de elemento (item) | Public note | Coded location qualifier |
|---|---|---|---|---|---|---|---|---|---|---|---|---|---|---|---|---|---|---|
| Dewey Decimal Classification | Restricted Access | Not For Loan | Biblioteca Medicina | Biblioteca Medicina | Circulación | 13/05/2011 | 616.5 13 COR | 1727 | 06/11/2014 | ej.1 | 13/05/2011 | Libros | Baja 2017 (Caja 9) |